Представление документа в формате MARC21

Поле Инд. ПП Название Значение
Тип записи a
Библиографический уровень m
001 Контрольный номер RU/IS/BASE/136389965
005 Дата корректировки 20260126080034.7
022 a ISSN 0579-9384 (print); 1728-2101 (online)
041 a Код языка текста rus
084 a Индекс другой классификации/Индекс ББК 24
090 a Полочн. индекс 95.4+24
097 00 a 110
245 00 a Заглавие Вестник Московского университета. Серия 2, Химия
b Продолж. заглавия научный журнал
n Номер части/ раздела №2/2004
c Ответственность учредитель: МГУ им. М. В. Ломоносова. Химический факультет; гл. ред. В. В. Лунин
260 00 a Место издания Москва
b Издательство Издательство Московского университета
c Дата издания 2004
300 a Объем 72 с.
500 a Примечание Журнал
505 a Форматированное содержание Взаимодействие вольфрама(VI) и ванадия(V) с пирогаллоловым красным и бромпирогаллоловым красным в присутствии поверхностно-активных веществ
b Автор Мамедова А. М.
b Автор Иванов В. М.
b Автор Ахмедов С. А.
505 a Форматированное содержание Использование реакций диазотирования и азосочетания с участием пенополиуретана для определения нитрит-ионов с помощью спектроскопии диффузного отражения и цветометрических сканер-технологий
b Автор Дмитриенко С. Г.
b Автор Апяри В. В.
b Автор Свиридова О. А.
b Автор Бадакова С. А.
b Автор Золотов Ю. А.
505 a Форматированное содержание К теории избирательного смачивания неоднородных твердых поверхностей
b Автор Иванов А. В.
b Автор Сумм Б. Д.
505 a Форматированное содержание Молекулярное моделирование с программой PC GAMESS: от двухатомных молекул до ферментов
b Автор Немухин А. В.
b Автор Григоренко Б. Л.
b Автор Грановский А. А.
505 a Форматированное содержание Описание и априорные расчеты равновесий адсорбции смесей флюидов на активных углях
b Автор Кузнецова Т. А.
b Автор Крюченкова Н. Г.
b Автор Бородулина М. В.
b Автор Егоров Е. Н.
b Автор Толмачев А. М.
505 a Форматированное содержание Определение парабенов в косметической продукции методом капиллярного зонного электрофореза
b Автор Куракина В. С.
b Автор Медведева О. М.
b Автор Дмитриенко С. Г.
b Автор Шпигун О. А.
505 a Форматированное содержание Синтез манганита состава Nd(0,7)Ba(0,3)MnO(3) с использованием микроволновой и механохимической обработок
b Автор Хороненкова Е. М.
b Автор Чеканова А. Е.
b Автор Еремина Е. А.
505 a Форматированное содержание Фосфоресценция некоторых лекарственных препаратов нафталинового ряда в водных средах
b Автор Рехарская Е. М.
b Автор Поленова Т. В.
b Автор Борзенко А. Г.
530 a Примеч. о доп. формах оглавление
650 a Основная рубрика химия
773 w Контрольный № источника RU/IS/BASE/387293746
900 a Имя электронного ресурса ~p_mgy_himiy_2_04
d Дата загрузки макрообъекта 20100101
x Справочная информация Оглавление
901 t Тип документа s
952 a Тип литературы для КСУ ВШ НЖ